000
00206 a2200097 4500
001
28779
100
_a
Newman, J R
245
_a
What is science?
260
_a
_b
Simon & Schuster
_c
090
_c
19224
_d
19224
942
_a
NUST-CAE
_c
M
_c
10252
999
_c
263852
_d
263852